[Event "I Festival del Fermano A"]
[Site "Fermo ITA"]
[Date "2010.08.21"]
[Round "1"]
[White "Gilardi, Davide"]
[Black "Vuelban, Virgilio"]
[Result "0-1"]
[WhiteElo "1932"]
[BlackElo "2358"]
[PlyCount "84"]
[EventDate "2010.08.21"]

1. d4 Nf6 2. c4 e6 3. Nf3 Nc6 4. e3 Bb4+ 5. Nbd2 d6 6. a3 Bxd2+ 7. Bxd2 O-O 8.
Qc2 e5 9. dxe5 dxe5 10. Bc3 Re8 11. Be2 Bg4 12. O-O Qe7 13. b4 e4 14. Nd4 Ne5
15. Bxg4 Nexg4 16. Qb2 Qe5 17. g3 Qh5 18. h4 Ne5 19. Ne2 Nxc4 20. Qc2 Ne5 21.
Bxe5 Qxe5 22. Rac1 c6 23. Qc3 Qf5 24. Nf4 h6 25. Qb2 Re5 26. Rc4 Rae8 27. Qe2
g5 28. hxg5 hxg5 29. Nh5 Nxh5 30. Qxh5 Qf3 31. Qxf3 exf3 32. Rd1 Kg7 33. Rd7
Rh8 34. Rxb7 Rd5 35. Rd4 Rf5 36. g4 Rf6 37. Rdd7 Rh4 38. Rxa7 Rxg4+ 39. Kf1 Rh4
40. Kg1 g4 41. e4 Rfh6 42. Rxf7+ Kg8 0-1

[Event "I Festival del Fermano A"]
[Site "Fermo ITA"]
[Date "2010.08.21"]
[Round "1"]
[White "Leon Hoyos, Manuel"]
[Black "Santurbano, Maria Vincenza"]
[Result "1-0"]
[WhiteElo "2556"]
[BlackElo "1979"]
[PlyCount "87"]
[EventDate "2010.08.21"]

1. d4 d5 2. c4 c6 3. Nc3 Nf6 4. Nf3 e6 5. Bg5 Be7 6. e3 O-O 7. Bd3 dxc4 8. Bxc4
Nd5 9. Bxe7 Qxe7 10. O-O Nd7 11. Rc1 Nxc3 12. Rxc3 e5 13. Bb3 e4 14. Nd2 Nf6
15. Rc5 Bg4 16. Qc2 Rfe8 17. h3 Be2 18. Rc1 Bd3 19. Qd1 Rad8 20. Nc4 Bxc4 21.
Bxc4 g6 22. a3 Nd7 23. Ra5 a6 24. b4 Kg7 25. Qb3 Nb6 26. a4 f5 27. Bf1 f4 28.
b5 fxe3 29. fxe3 Qg5 30. Rc5 Nd5 31. bxc6 bxc6 32. Rxc6 Qxe3+ 33. Qxe3 Nxe3 34.
Rc7+ Kg8 35. Rxa6 Rxd4 36. Raa7 Rd1 37. Rg7+ Kh8 38. Rxh7+ Kg8 39. Rag7+ Kf8
40. Rf7+ Kg8 41. Rhg7+ Kh8 42. Rxg6 Nc4 43. Rf4 Kh7 44. Rg3 1-0

[Event "I Festival del Fermano A"]
[Site "Fermo ITA"]
[Date "2010.08.21"]
[Round "1"]
[White "Pap, Gyula"]
[Black "Iasman, Inna"]
[Result "1-0"]
[WhiteElo "2508"]
[BlackElo "1973"]
[PlyCount "71"]
[EventDate "2010.08.21"]

1. d4 d5 2. c4 c6 3. Nf3 Nf6 4. e3 Bf5 5. Nc3 e6 6. Nh4 Bg6 7. Nxg6 hxg6 8. a3
Nbd7 9. g3 Bd6 10. b3 Qe7 11. Bg2 Rd8 12. O-O O-O 13. Qc2 g5 14. Re1 g4 15. e4
Nxe4 16. Nxe4 dxe4 17. Qxe4 Nf6 18. Qc2 Qd7 19. Bb2 Be7 20. Re5 Ne8 21. Rae1
Bf6 22. R5e4 Nd6 23. Rxg4 Nf5 24. d5 Bxb2 25. Qxb2 exd5 26. cxd5 cxd5 27. Bh3
f6 28. Rf4 g6 29. Rd1 Qe6 30. Qc2 d4 31. Bxf5 gxf5 32. Rdxd4 Rc8 33. Qxf5 Rc1+
34. Kg2 Qc6+ 35. Kh3 Qe8 36. Rg4+ 1-0

[Event "I Festival del Fermano A"]
[Site "Fermo ITA"]
[Date "2010.08.21"]
[Round "1"]
[White "Ragonese, Lucio Rosario"]
[Black "Naumkin, Igor"]
[Result "0-1"]
[WhiteElo "1954"]
[BlackElo "2466"]
[PlyCount "72"]
[EventDate "2010.08.21"]

1. d4 Nf6 2. Nf3 e6 3. Bg5 c5 4. c3 h6 5. Bh4 b6 6. Nbd2 Bb7 7. e3 Be7 8. Be2
O-O 9. O-O cxd4 10. exd4 d6 11. Bd3 Nc6 12. Qe2 a6 13. Ne4 Nd5 14. Bxe7 Ncxe7
15. Bc2 Nf4 16. Qd2 Neg6 17. Rfe1 Nxg2 18. Kxg2 f5 19. Qe3 fxe4 20. Bxe4 Bxe4
21. Qxe4 Qf6 22. Re3 Nf4+ 23. Kh1 Nd5 24. Rd3 Ra7 25. Rg1 Nf4 26. Rd2 Raf7 27.
Rg3 Qe7 28. Rd1 Nh5 29. Rh3 Rf4 30. Qg6 Rxf3 31. Rxh5 R8f6 32. Qe4 Rxf2 33.
Qa8+ Rf8 34. Qxa6 Qf7 35. Rh3 Qf5 36. Qd3 Qd5+ 0-1

[Event "I Festival del Fermano A"]
[Site "Fermo ITA"]
[Date "2010.08.21"]
[Round "1"]
[White "Vezzosi, Paolo"]
[Black "Giorni, Moreno"]
[Result "1-0"]
[WhiteElo "2362"]
[BlackElo "1934"]
[PlyCount "151"]
[EventDate "2010.08.21"]

1. d4 d5 2. c4 c6 3. Nf3 Nf6 4. e3 Bf5 5. Nc3 e6 6. Nh4 Be4 7. f3 Bg6 8. Qb3
Qb6 9. Nxg6 hxg6 10. c5 Qc7 11. f4 Nbd7 12. Bd2 Be7 13. Be2 Ne4 14. Nxe4 dxe4
15. Qc2 Bh4+ 16. Kf1 f5 17. Bc4 Kf7 18. b4 a6 19. Qb3 Rad8 20. a4 Nf6 21. b5
axb5 22. axb5 Nd5 23. Ke2 Ra8 24. g3 Be7 25. h4 Rhb8 26. Rhb1 Rxa1 27. Rxa1 b6
28. Ra6 bxc5 29. Rxc6 Qxc6 30. bxc6 Rxb3 31. Bxb3 Ke8 32. Ba4 Kd8 33. Ba5+ Kc8
34. dxc5 Bxc5 35. Bb3 Nc7 36. Bc3 Nd5 37. Bxg7 Kc7 38. Ba4 Ne7 39. Bf8 Bd6 40.
Bxe7 Bxe7 41. Bb3 Kxc6 42. Bxe6 Kd6 43. Bf7 Bf8 44. Bxg6 Ke6 45. g4 fxg4 46.
Bxe4 Bc5 47. h5 Kf6 48. h6 g3 49. Bf3 Kg6 50. e4 Kxh6 51. e5 Kg7 52. Kd3 Kf7
53. Ke4 Bb4 54. f5 Bc3 55. Kf4 Ke7 56. Bd5 Kf8 57. f6 Bd4 58. Kf5 Bc3 59. Bf3
Bd4 60. e6 Bc5 61. Ke5 Bb4 62. Kd5 Ke8 63. Kc4 Bd6 64. Bc6+ Kf8 65. Kd4 Bb4 66.
Ke3 Bc5+ 67. Kf4 Bd6+ 68. Kg4 Bc5 69. Kxg3 Bd6+ 70. Kf3 Bc5 71. Ke4 Bd6 72. Kd5
Bb4 73. Kc4 Bd6 74. Kb5 Ba3 75. Kb6 Bb4 76. Kc7 1-0

[Event "I Festival del Fermano A"]
[Site "Fermo ITA"]
[Date "2010.08.22"]
[Round "2"]
[White "Bellincampi, Stefano"]
[Black "Mogranzini, Roberto"]
[WhiteElo "2047"]
[BlackElo "2387"]
[Result "0-1"]
[PlyCount "154"]
[EventDate "2010.08.21"]

1. e4 c5 2. c3 d5 3. exd5 Qxd5 4. d4 Nc6 5. Nf3 Bg4 6. Be2 cxd4 7. cxd4 e6 8.
Nc3 Bb4 9. O-O Qa5 10. a3 Bxc3 11. bxc3 Nge7 12. Qb3 Qc7 13. c4 Bxf3 14. Bxf3
Nxd4 15. Qxb7 Rc8 16. Rb1 Nxf3+ 17. Qxf3 Qxc4 18. Be3 O-O 19. Bxa7 Nd5 20. h3
Qa4 21. Rb7 Rc3 22. Qd1 Qa6 23. Qb1 Qxa3 24. Bd4 Rc4 25. Ra7 Qd6 26. Qa1 f6 27.
Rb7 Rc7 28. Rfb1 Rfc8 29. Ba7 Qc6 30. Rxc7 Rxc7 31. Bb8 Rc8 32. Qa7 h5 33. Rb7
Qc1+ 34. Kh2 Qg5 35. Qa4 e5 36. g3 Qf5 37. Ba7 h4 38. Qxh4 Qf3 39. Qg4 Qxg4 40.
hxg4 Rc4 41. Kh3 Ra4 42. Rd7 Ra5 43. g5 fxg5 44. Bb8 Nf6 45. Re7 e4 46. Be5 Ra4
47. Bb2 Kf8 48. Rb7 Rc4 49. Ba3+ Kg8 50. Bb2 Ra4 51. Kg2 Ra6 52. Re7 Ra4 53.
Rb7 Rc4 54. Kh3 Rc2 55. Bd4 Rd2 56. Be3 Rd5 57. Kg2 Kh7 58. Kf1 Kg6 59. Ke2 Ra5
60. Bd4 Ra4 61. Bb2 Rc4 62. Kd2 Kf5 63. Rxg7 Ng4 64. Rf7+ Ke6 65. Rf8 Rb4 66.
Bc3 Ra4 67. Ke1 Ra2 68. Bd2 Ne5 69. Re8+ Kf5 70. Rxe5+ Kxe5 71. Bxg5 Kf5 72.
Be3 Kg4 73. Bd4 Kf3 74. Bc5 Ra1+ 75. Kd2 Rf1 76. g4 Rxf2+ 77. Ke1 Rc2 0-1

[Event "I Festival del Fermano A"]
[Site "Fermo ITA"]
[Date "2010.08.22"]
[Round "2"]
[White "Borgiani, Flavio"]
[Black "David, Alberto"]
[WhiteElo "2194"]
[BlackElo "2622"]
[Result "0-1"]
[PlyCount "50"]
[EventDate "2010.08.21"]

1. d4 Nf6 2. Nf3 e6 3. c4 d5 4. g3 dxc4 5. Bg2 Nc6 6. O-O Rb8 7. Re1 Be7 8. e4
O-O 9. Nc3 b5 10. b3 Ba6 11. bxc4 bxc4 12. d5 exd5 13. Nxd5 Nxd5 14. exd5 Bf6
15. Ba3 Bxa1 16. Qxa1 Nb4 17. Qc3 Nd3 18. Bxf8 Qxf8 19. Rf1 Qb4 20. Qd4 c3 21.
Qxa7 Qb6 22. Qxb6 Rxb6 23. Nd4 Rb4 24. Nc2 Rb2 25. Na3 Rxa2 0-1

[Event "I Festival del Fermano A"]
[Site "Fermo ITA"]
[Date "2010.08.22"]
[Round "2"]
[White "Boscolo, Marco"]
[Black "Cordova, Emilio"]
[WhiteElo "2149"]
[BlackElo "2560"]
[Result "1/2-1/2"]
[PlyCount "71"]
[EventDate "2010.08.21"]

1. Nf3 Nf6 2. c4 b6 3. d4 e6 4. g3 Ba6 5. b3 Bb7 6. Bg2 Bb4+ 7. Bd2 a5 8. a3
Bxd2+ 9. Nbxd2 d6 10. O-O Nbd7 11. Qc2 c5 12. Rfd1 Qc7 13. Qb2 O-O 14. Rac1 h6
15. Ne1 Bxg2 16. Nxg2 Nb8 17. Nf3 Nc6 18. Ne3 Rfe8 19. d5 exd5 20. Nxd5 Nxd5
21. Rxd5 a4 22. bxa4 Rxa4 23. Rd3 Re4 24. Rb1 Raxc4 25. Qxb6 Qxb6 26. Rxb6 Ne7
27. Rbxd6 Rxe2 28. Rd2 Ree4 29. Rd8+ Kh7 30. Re8 Kg6 31. Ra8 Nf5 32. Ra5 Rc3
33. Kg2 f6 34. Rd5 Rec4 35. Ra6 Re4 36. Ra5 1/2-1/2

[Event "I Festival del Fermano A"]
[Site "Fermo ITA"]
[Date "2010.08.22"]
[Round "2"]
[White "Calandri, Fausto"]
[Black "Pap, Gyula"]
[WhiteElo "2107"]
[BlackElo "2508"]
[Result "0-1"]
[PlyCount "80"]
[EventDate "2010.08.21"]

1. e4 g6 2. d4 Bg7 3. Nf3 d6 4. Nc3 Nf6 5. Be2 O-O 6. O-O c6 7. h3 Nbd7 8. a4
Qc7 9. Be3 e5 10. dxe5 dxe5 11. Bc4 h6 12. Qd2 Kh7 13. Rfd1 Ne8 14. Nh2 Ndf6
15. Bc5 Rh8 16. Qd8 Qxd8 17. Rxd8 Nd7 18. Bxf7 Nxc5 19. Rxe8 Rxe8 20. Bxe8 Be6
21. b4 Na6 22. b5 Nb4 23. bxc6 Rxe8 24. cxb7 Rb8 25. Rb1 a5 26. Ng4 Rxb7 27.
Nd5 Bxd5 28. exd5 Rc7 29. Ne3 Bf8 30. c4 h5 31. g4 Bc5 32. gxh5 gxh5 33. Rb3
Kg6 34. Kf1 Kf6 35. Ng2 Bd4 36. Rf3+ Ke7 37. Ne3 Bxe3 38. Rxe3 Kd6 39. Re4 Nd3
40. Re3 Nb2 0-1

[Event "I Festival del Fermano A"]
[Site "Fermo ITA"]
[Date "2010.08.22"]
[Round "2"]
[White "Certic, Branimir"]
[Black "Piro, Valerio"]
[WhiteElo "2421"]
[BlackElo "2051"]
[Result "1-0"]
[PlyCount "87"]
[EventDate "2010.08.21"]

1. d4 d5 2. Bf4 Nf6 3. e3 c6 4. Nd2 Bf5 5. Bd3 Bxd3 6. cxd3 e6 7. Ngf3 Be7 8.
Ne5 Nbd7 9. O-O O-O 10. Rb1 Nxe5 11. Bxe5 Bd6 12. b4 Bxe5 13. dxe5 Nd7 14. d4
Qc7 15. f4 a5 16. b5 c5 17. Qh5 f5 18. Nf3 g6 19. Qh6 Rfe8 20. Ng5 Nf8 21. b6
Qe7 22. h4 c4 23. h5 Qg7 24. Qxg7+ Kxg7 25. hxg6 Kxg6 26. g4 fxg4 27. Rb5 h5
28. e4 dxe4 29. Nxe4 h4 30. Nd6 Re7 31. Rc5 Kh5 32. Rc7 Ng6 33. f5 exf5 34.
Rxf5+ Kh6 35. Rf6 Rxc7 36. bxc7 g3 37. Nxc4 Kg5 38. Nb6 Re8 39. c8=Q Rxc8 40.
Nxc8 h3 41. Nd6 Nf4 42. Ne4+ Kg4 43. Rxf4+ Kxf4 44. Nxg3 1-0

[Event "I Festival del Fermano A"]
[Site "Fermo ITA"]
[Date "2010.08.22"]
[Round "2"]
[White "De Carlo, Fabio"]
[Black "Vezzosi, Paolo"]
[WhiteElo "2033"]
[BlackElo "2362"]
[Result "0-1"]
[PlyCount "72"]
[EventDate "2010.08.21"]

1. e4 c6 2. d4 d5 3. f3 g6 4. Nc3 Bg7 5. Be3 dxe4 6. fxe4 Qb6 7. Qd2 Qxb2 8.
Rb1 Qa3 9. Nf3 Nd7 10. Bc4 Nb6 11. Bb3 Nf6 12. O-O O-O 13. d5 Ng4 14. Bd4 e5
15. dxe6 Bxe6 16. Bxe6 fxe6 17. Bxg7 Kxg7 18. Qd4+ Nf6 19. Ng5 Qe7 20. Qe5 Rae8
21. Ne2 Nbd7 22. Qc3 h6 23. Rxb7 hxg5 24. Rd1 Kg8 25. Qd4 e5 26. Qxa7 Qc5+ 27.
Kh1 Ra8 28. Qxc5 Nxc5 29. Rc7 Nfxe4 30. Kg1 Rf6 31. Nc1 g4 32. Nd3 Nc3 33. Re1
Nxd3 34. cxd3 Rxa2 35. d4 Ne2+ 36. Kh1 exd4 0-1

[Event "I Festival del Fermano A"]
[Site "Fermo ITA"]
[Date "2010.08.22"]
[Round "2"]
[White "Dervishi, Erald"]
[Black "Bonagura, Stefano"]
[WhiteElo "2557"]
[BlackElo "2130"]
[Result "1-0"]
[PlyCount "50"]
[EventDate "2010.08.21"]

1. e4 c6 2. d4 d5 3. Nd2 dxe4 4. Nxe4 Bf5 5. Ng3 Bg6 6. h4 h6 7. Nf3 Nd7 8. h5
Bh7 9. Bd3 Bxd3 10. Qxd3 e6 11. Bf4 Ngf6 12. O-O-O Be7 13. Kb1 O-O 14. Ne4 Nxe4
15. Qxe4 Nf6 16. Qe2 Qd5 17. Ne5 Qe4 18. Qxe4 Nxe4 19. Rhe1 Nf6 20. g4 Rfd8 21.
f3 c5 22. Be3 Nd5 23. Bf2 cxd4 24. Bxd4 Bh4 25. Re4 Bf6 1-0

[Event "I Festival del Fermano A"]
[Site "Fermo ITA"]
[Date "2010.08.22"]
[Round "2"]
[White "Epishin, Vladimir V."]
[Black "Di Donatantonio, Franco"]
[WhiteElo "2598"]
[BlackElo "2132"]
[Result "1-0"]
[PlyCount "41"]
[EventDate "2010.08.21"]

1. d4 d6 2. Nf3 Nf6 3. c4 Nbd7 4. Nc3 e5 5. Bg5 Be7 6. Qc2 c6 7. Rd1 Qc7 8. e3
O-O 9. Be2 Re8 10. O-O Nf8 11. b4 Ng6 12. d5 Bg4 13. h3 Bxf3 14. Bxf3 Nxd5 15.
cxd5 Bxg5 16. dxc6 bxc6 17. Nb5 Qb6 18. Nxd6 Re6 19. Bg4 Re7 20. Nc8 Qxb4 21.
Rd8+ 1-0

[Event "I Festival del Fermano A"]
[Site "Fermo ITA"]
[Date "2010.08.22"]
[Round "2"]
[White "Fierro Baquero, Martha Lorena"]
[Black "Calella, Sergio"]
[WhiteElo "2372"]
[BlackElo "2040"]
[Result "1-0"]
[PlyCount "61"]
[EventDate "2010.08.21"]

1. e4 c5 2. Nf3 d6 3. d4 cxd4 4. Nxd4 Nf6 5. Nc3 g6 6. Be3 Bg7 7. Be2 Nc6 8.
Qd2 O-O 9. O-O-O Ng4 10. Bxg4 Bxg4 11. f3 Nxd4 12. Bxd4 Be6 13. h4 Qa5 14. Bxg7
Kxg7 15. h5 Bxa2 16. hxg6 fxg6 17. Qh6+ Kf6 18. e5+ dxe5 19. Qxh7 Rg8 20. Ne4+
Ke6 21. Rh6 Bd5 22. Rxg6+ Rxg6 23. Qxg6+ Kd7 24. Qf5+ Kc6 25. Qxe5 Rg8 26. g4
Qa1+ 27. Kd2 Qa5+ 28. Ke3 Qb6+ 29. Rd4 Rd8 30. Qxe7 Qxb2 31. Qc5+ 1-0

[Event "I Festival del Fermano A"]
[Site "Fermo ITA"]
[Date "2010.08.22"]
[Round "2"]
[White "Naumkin, Igor"]
[Black "Maksimovic, Miodrag"]
[WhiteElo "2466"]
[BlackElo "2073"]
[Result "1-0"]
[PlyCount "35"]
[EventDate "2010.08.21"]

1. d4 Nf6 2. c4 e6 3. Nf3 Bb4+ 4. Nbd2 O-O 5. g3 d6 6. a3 Bxd2+ 7. Qxd2 b6 8.
Bg2 Bb7 9. O-O Nbd7 10. b3 Qe7 11. Bb2 e5 12. d5 Ne4 13. Qc2 f5 14. Nh4 Ng5 15.
Nxf5 Qf6 16. e4 g6 17. Nh6+ Kg7 18. f4 1-0

[Event "I Festival del Fermano A"]
[Site "Fermo ITA"]
[Date "2010.08.22"]
[Round "2"]
[White "Prohaszka, Peter"]
[Black "Panjkovic, Aleksandar"]
[WhiteElo "2526"]
[BlackElo "2121"]
[Result "1-0"]
[PlyCount "125"]
[EventDate "2010.08.21"]

1. d4 d6 2. c4 e5 3. d5 f5 4. e4 Nf6 5. exf5 Bxf5 6. Nc3 Be7 7. Nge2 O-O 8. Ng3
Qc8 9. Bd3 Bxd3 10. Qxd3 Na6 11. O-O Nc5 12. Qc2 a5 13. Be3 Qd7 14. Bxc5 dxc5
15. Rae1 Bd6 16. f3 Qf7 17. Nce4 Qg6 18. Nxf6+ gxf6 19. Qf5 Qxf5 20. Nxf5 Kf7
21. h4 h5 22. g4 Rh8 23. Kf2 Rag8 24. Re4 Rg6 25. Kg3 Rd8 26. Kh3 Rh8 27. Ng3
hxg4+ 28. fxg4 Rf8 29. Nh5 Kg8 30. Rf5 Be7 31. Nf4 exf4 32. Rxe7 Rg7 33. Re6
Rgf7 34. Rxf4 Kg7 35. Kg3 Rb8 36. Re2 b5 37. cxb5 Rxb5 38. Ref2 c4 39. Rf5 Rd7
40. Rxf6 Rbxd5 41. R6f4 Rd3+ 42. R2f3 Rd2 43. Rxc4 Rxb2 44. a3 Rb1 45. h5 Rbd1
46. Kh4 Kg8 47. Rc6 R1d4 48. Rg6+ Kh7 49. Rf5 Ra4 50. Rf3 c5 51. Rc3 Rc7 52.
Rg5 c4 53. Re5 Rd7 54. Re4 Rc7 55. g5 Kg7 56. Kg4 Kf7 57. Rf4+ Kg7 58. g6 Rd7
59. Rf7+ Rxf7 60. gxf7 Kxf7 61. Kg5 Kg7 62. h6+ Kh7 63. Kh5 1-0

[Event "I Festival del Fermano A"]
[Site "Fermo ITA"]
[Date "2010.08.22"]
[Round "2"]
[White "Rinaudo, Sergio"]
[Black "Leon Hoyos, Manuel"]
[WhiteElo "2132"]
[BlackElo "2556"]
[Result "1/2-1/2"]
[PlyCount "96"]
[EventDate "2010.08.21"]

1. d4 Nf6 2. Nf3 g6 3. Nbd2 Bg7 4. e4 d6 5. Bd3 O-O 6. O-O c6 7. c3 Nbd7 8. Re1
e5 9. a4 Re8 10. Nc4 Qc7 11. dxe5 Nxe5 12. Ncxe5 dxe5 13. Qe2 a5 14. Be3 Bf8
15. Bg5 Nd7 16. Bc4 h6 17. Be3 Nc5 18. Qc2 Bd7 19. b4 Ne6 20. Qb3 b5 21. Bf1
bxa4 22. Rxa4 axb4 23. cxb4 Rxa4 24. Qxa4 Rb8 25. Rb1 c5 26. Qc2 cxb4 27. Qxc7
Nxc7 28. Nxe5 Be6 29. Nc6 Ra8 30. Nxb4 Rb8 31. Rc1 Rxb4 32. Rxc7 Rxe4 33. Bd3
Ra4 34. Ra7 Rxa7 35. Bxa7 Bg7 36. Be4 f5 37. Bb7 g5 38. f3 Be5 39. g3 h5 40.
Bb6 f4 41. Kg2 fxg3 42. hxg3 h4 43. Bd8 Bxg3 44. Bxg5 Kf7 45. Be4 Be1 46. f4
Bg4 47. Kf1 Bd2 48. Bxh4 Bxf4 1/2-1/2

[Event "I Festival del Fermano A"]
[Site "Fermo ITA"]
[Date "2010.08.22"]
[Round "2"]
[White "Salvador, Roland"]
[Black "Raineri, Valerio"]
[WhiteElo "2498"]
[BlackElo "2114"]
[Result "1-0"]
[PlyCount "51"]
[EventDate "2010.08.21"]

1. d4 Nf6 2. g3 g6 3. Bg2 Bg7 4. e4 d6 5. Ne2 O-O 6. O-O e5 7. Nbc3 c6 8. h3
Qe7 9. a4 Na6 10. Bg5 Nc7 11. f4 Ne6 12. Bh4 h6 13. d5 g5 14. dxe6 gxh4 15.
exf7+ Rxf7 16. f5 Ne8 17. g4 Bf8 18. a5 Rg7 19. Kh2 Qg5 20. Bf3 Be7 21. Na4 Kh7
22. Ra3 Bd8 23. b4 Bc7 24. Nb2 Nf6 25. Qd3 d5 26. Kh1 1-0

[Event "I Festival del Fermano A"]
[Site "Fermo ITA"]
[Date "2010.08.22"]
[Round "2"]
[White "Sbraccia, Giovanni"]
[Black "Martinez, Rolly"]
[WhiteElo "2058"]
[BlackElo "2429"]
[Result "1/2-1/2"]
[PlyCount "128"]
[EventDate "2010.08.21"]

1. c4 Nf6 2. Nc3 e5 3. g3 Bb4 4. Bg2 O-O 5. a3 Bxc3 6. dxc3 a5 7. b4 d6 8. Bg5
h6 9. Bxf6 Qxf6 10. e3 Nc6 11. b5 Nd8 12. Ne2 Ne6 13. O-O Nc5 14. Nc1 Be6 15.
Bd5 Bh3 16. Bg2 Bxg2 17. Kxg2 e4 18. Qc2 Rfe8 19. Nb3 Nxb3 20. Qxb3 Re5 21.
Rad1 h5 22. Rd5 h4 23. Qd1 Rae8 24. Qg4 Rxd5 25. cxd5 hxg3 26. hxg3 Qxc3 27.
Rh1 Qe5 28. Rh5 Qf6 29. Rf5 Qe7 30. Rf4 g6 31. a4 Kg7 32. f3 exf3+ 33. Qxf3 Qd7
34. Rc4 b6 35. e4 Re7 36. Qc3+ Kg8 37. Qf6 Re5 38. Qf3 Re8 39. Qc3 Qg4 40. Qf3
Qd7 41. Qc3 Qg4 42. Qf3 Qxf3+ 43. Kxf3 Re7 44. Kf4 f6 45. Rc1 Rh7 46. Rc2 Kf8
47. g4 Ke8 48. Kg3 g5 49. Rh2 Rg7 50. Rh8+ Kf7 51. Rc8 Kg6 52. Rf8 Rh7 53. Rg8+
Kf7 54. Rc8 Kg6 55. Rg8+ Kh6 56. Rf8 Re7 57. Kf3 Rh7 58. Kg3 Re7 59. Kf3 Kg7
60. Rc8 Kg6 61. Rg8+ Kh6 62. Rh8+ Rh7 63. Rg8 Re7 64. Rh8+ Rh7 1/2-1/2

[Event "I Festival del Fermano A"]
[Site "Fermo ITA"]
[Date "2010.08.22"]
[Round "2"]
[White "Spornberger, Maximilian"]
[Black "Meijers, Viesturs"]
[WhiteElo "2073"]
[BlackElo "2474"]
[Result "0-1"]
[PlyCount "72"]
[EventDate "2010.08.21"]

1. e4 c5 2. Nc3 a6 3. g3 b5 4. f4 Bb7 5. Bg2 e6 6. d3 h5 7. Nf3 Be7 8. O-O h4
9. g4 h3 10. Bh1 b4 11. Ne2 d5 12. exd5 Qxd5 13. Ng3 Nf6 14. Be3 Nxg4 15. Ne5
Nxe3 16. Bxd5 Nxd1 17. Bxb7 Ra7 18. Bxa6 Rxa6 19. Rfxd1 Rh4 20. Rf1 Nd7 21. a3
Bf6 22. axb4 Rxa1 23. Rxa1 Nxe5 24. fxe5 Bxe5 25. Ra8+ Kd7 26. Ra7+ Kc6 27.
Rxf7 cxb4 28. b3 Kc5 29. Kf2 Rf4+ 30. Rxf4 Bxf4 31. Nf1 Kd4 32. Kf3 e5 33. Ng3
Bxg3 34. Kxg3 Kc3 35. Kf3 Kxc2 36. Ke4 Kxb3 0-1

[Event "I Festival del Fermano A"]
[Site "Fermo ITA"]
[Date "2010.08.23"]
[Round "3"]
[White "Bernardi, Ruben"]
[Black "Salvador, Roland"]
[WhiteElo "2212"]
[BlackElo "2498"]
[Result "0-1"]
[PlyCount "72"]
[EventDate "2010.08.21"]

1. e4 c6 2. d4 d5 3. f3 Qb6 4. a4 dxe4 5. a5 Qc7 6. fxe4 e5 7. Nf3 Bg4 8. Bc4
Nf6 9. O-O Bd6 10. dxe5 Bxe5 11. h3 Bxf3 12. Qxf3 Nbd7 13. Bf4 O-O 14. Nc3 Rae8
15. Bd3 Nc5 16. Kh1 Re7 17. Rae1 Qxa5 18. Ra1 Qb4 19. Bd2 Qd4 20. Be3 Qd6 21.
Qf2 b6 22. Rad1 Nh5 23. Ne2 Qg6 24. Bxc5 bxc5 25. g4 Nf6 26. Qxc5 Qh6 27. Ng1
Re6 28. Rf3 Nxg4 29. Bc4 Rf6 30. Rxf6 Bxf6 31. Rd3 Ne5 32. Rb3 Qf4 33. Bd3 Bh4
34. Kg2 Qg3+ 35. Kf1 Ng6 36. Ke2 Nf4+ 0-1

[Event "I Festival del Fermano A"]
[Site "Fermo ITA"]
[Date "2010.08.23"]
[Round "3"]
[White "Burani, Eugenio"]
[Black "Damia, Angelo"]
[WhiteElo "1947"]
[BlackElo "2281"]
[Result "0-1"]
[PlyCount "64"]
[EventDate "2010.08.21"]

1. e4 c5 2. Nf3 a6 3. d4 cxd4 4. Nxd4 Nf6 5. Nc3 e5 6. Nf3 Bb4 7. Qd3 Bxc3+ 8.
Qxc3 O-O 9. Bd3 d5 10. Bg5 dxe4 11. Bxf6 gxf6 12. Bxe4 f5 13. Rd1 Qe7 14. Bd5
Kh8 15. O-O f6 16. Rfe1 Qg7 17. Bb3 Nc6 18. Rd6 f4 19. Red1 Bg4 20. Bd5 Nd4 21.
Nxd4 Bxd1 22. Ne6 Qe7 23. Rb6 Rfc8 24. Qh3 Bxc2 25. Rxb7 Bf5 26. g4 Qd6 27. Qb3
Bxe6 28. Bxe6 f3 29. Bc4 Rxc4 30. Qxc4 Qd1+ 31. Qf1 Rd8 32. Rb8 Qxf1+ 0-1

[Event "I Festival del Fermano A"]
[Site "Fermo ITA"]
[Date "2010.08.23"]
[Round "3"]
[White "Calavalle, Giulio"]
[Black "Naumkin, Igor"]
[WhiteElo "2201"]
[BlackElo "2466"]
[Result "0-1"]
[PlyCount "54"]
[EventDate "2010.08.21"]

1. e4 e6 2. d4 d5 3. Nc3 Bb4 4. exd5 exd5 5. Bd3 Nc6 6. Nge2 Nge7 7. a3 Bxc3+
8. bxc3 Bf5 9. Ng3 Bxd3 10. cxd3 O-O 11. O-O Qd7 12. Bd2 b6 13. Re1 Ng6 14. Qa4
f5 15. f3 f4 16. Nh1 Nh4 17. Re2 Rf6 18. Be1 Nf5 19. Bf2 Rd8 20. Qc2 g5 21.
Rae1 h5 22. Qd2 Kh7 23. g4 hxg4 24. fxg4 Ng7 25. h3 Rh6 26. Kh2 Qxg4 27. h4 f3
0-1

[Event "I Festival del Fermano A"]
[Site "Fermo ITA"]
[Date "2010.08.23"]
[Round "3"]
[White "Cordova, Emilio"]
[Black "Beccaris, Gabriele"]
[WhiteElo "2560"]
[BlackElo "2060"]
[Result "1-0"]
[PlyCount "51"]
[EventDate "2010.08.21"]

1. d4 Nf6 2. c4 e6 3. g3 Bb4+ 4. Bd2 Qe7 5. Bg2 Bxd2+ 6. Qxd2 d5 7. Nf3 O-O 8.
O-O c5 9. cxd5 Nxd5 10. dxc5 Qxc5 11. Rc1 Qe7 12. e4 Nb6 13. a4 Rd8 14. Qe3 Nc6
15. a5 Nd7 16. e5 Qb4 17. b3 Qb5 18. a6 Rb8 19. Na3 Qb6 20. Qc3 Qb4 21. Qc2 Nb6
22. Ng5 g6 23. axb7 Bxb7 24. Bxc6 Bxc6 25. Qxc6 Rdc8 26. Qf3 1-0

[Event "I Festival del Fermano A"]
[Site "Fermo ITA"]
[Date "2010.08.23"]
[Round "3"]
[White "Gilardi, Davide"]
[Black "Borgiani, Flavio"]
[WhiteElo "1932"]
[BlackElo "2194"]
[Result "0-1"]
[PlyCount "56"]
[EventDate "2010.08.21"]

1. d4 e6 2. c4 c5 3. d5 exd5 4. cxd5 d6 5. Nc3 g6 6. e4 Bg7 7. Nge2 Ne7 8. Bg5
h6 9. Be3 f5 10. Nf4 O-O 11. exf5 Nxf5 12. Bd3 Nxe3 13. fxe3 g5 14. Ng6 Rf7 15.
Rf1 Rxf1+ 16. Kxf1 Nd7 17. Qf3 Nf6 18. Ne4 Bg4 19. Qg3 Nxe4 20. Qxg4 Qf6+ 21.
Kg1 Nf2 22. Ne7+ Kh8 23. Qf5 Nxd3 24. Ng6+ Kh7 25. Nf8+ Kg8 26. Qh7+ Kxf8 27.
Rf1 Nf4 28. exf4 g4 0-1

[Event "I Festival del Fermano A"]
[Site "Fermo ITA"]
[Date "2010.08.23"]
[Round "3"]
[White "Graziani, Claudio"]
[Black "Certic, Branimir"]
[WhiteElo "2000"]
[BlackElo "2421"]
[Result "0-1"]
[PlyCount "108"]
[EventDate "2010.08.21"]

1. e4 e6 2. Nf3 d5 3. Nc3 h6 4. a3 dxe4 5. Nxe4 Nf6 6. Nxf6+ Qxf6 7. d4 Bd7 8.
Be2 Bd6 9. c4 O-O 10. c5 Bf4 11. Bxf4 Qxf4 12. Qd2 Qxd2+ 13. Kxd2 Bc6 14. Rhe1
Rd8 15. g3 Nd7 16. Kc2 Nf6 17. Rad1 Ng4 18. Ne5 Nxf2 19. Rd2 Ne4 20. Rdd1 Bd5
21. Bd3 Nf2 22. Rd2 Nxd3 23. Nxd3 a5 24. Kc3 g5 25. Re3 Kg7 26. Rf2 b6 27. Re1
f5 28. Re5 Rd7 29. Re1 Rdd8 30. Re5 Rf8 31. Rf1 Rad8 32. Rf2 Rf6 33. Rf1 Be4
34. h4 Rd5 35. b4 axb4+ 36. axb4 Bxd3 37. Kxd3 Rxe5 38. dxe5 Rf8 39. hxg5 hxg5
40. cxb6 cxb6 41. Kc4 f4 42. Kb5 fxg3 43. Rg1 Rf3 44. Kxb6 Kg6 45. Kc7 Rb3 46.
Kd6 Kf5 47. Rf1+ Kg4 48. Kxe6 Rxb4 49. Rg1 Rb2 50. Kf6 Rf2+ 51. Kg6 Re2 52. Kf6
g2 53. e6 Kf3 54. e7 Kf2 0-1

[Event "I Festival del Fermano A"]
[Site "Fermo ITA"]
[Date "2010.08.23"]
[Round "3"]
[White "Leon Hoyos, Manuel"]
[Black "Sbraccia, Giovanni"]
[WhiteElo "2556"]
[BlackElo "2058"]
[Result "1-0"]
[PlyCount "53"]
[EventDate "2010.08.21"]

1. e4 c6 2. d4 d5 3. Nc3 dxe4 4. Nxe4 Bf5 5. Ng3 Bg6 6. h4 h6 7. Nf3 Nd7 8. h5
Bh7 9. Bd3 Bxd3 10. Qxd3 Qc7 11. Bd2 e6 12. O-O-O Ngf6 13. Ne4 O-O-O 14. g3
Nxe4 15. Qxe4 c5 16. Bf4 Qc6 17. d5 exd5 18. Rxd5 Be7 19. c4 Bf6 20. Re1 g5 21.
Bd6 Qa4 22. Kb1 Qb4 23. Re2 Rde8 24. Qxe8+ Rxe8 25. Rxe8+ Bd8 26. Be7 Kc7 27.
Rxd8 1-0

[Event "I Festival del Fermano A"]
[Site "Fermo ITA"]
[Date "2010.08.23"]
[Round "3"]
[White "Martinez, Rolly"]
[Black "Rogai, Stefano"]
[WhiteElo "2429"]
[BlackElo "2015"]
[Result "1-0"]
[PlyCount "58"]
[EventDate "2010.08.21"]

1. e4 c6 2. d4 d5 3. exd5 cxd5 4. c4 Nf6 5. Nc3 e6 6. Nf3 Be7 7. cxd5 Nxd5 8.
Bd3 Nc6 9. O-O O-O 10. Qe2 g6 11. Bh6 Re8 12. Rad1 b6 13. Bb5 Bb7 14. Ne5 Rc8
15. Qf3 Nxe5 16. dxe5 Bc6 17. Bxc6 Rxc6 18. Nxd5 exd5 19. Rxd5 Qc8 20. Bd2 Bf8
21. Bc3 Bg7 22. Rfd1 Rce6 23. Rd7 R6e7 24. Rxe7 Rxe7 25. Qd5 Qe8 26. f4 a5 27.
Qd8 h5 28. Qxb6 f6 29. exf6 Bxf6 1-0